000
00277nam a2200097Ia 4500
008
220204s9999 xx 000 0 und d
082
_a
691.8(047)(593)
_b
MAR
245
0
_a
Market survey for building hardware in Thailand
260
_a
Delhi
_b
Ministry of Foreign trade
942
_c
BK
999
_c
22354
_d
22354